| 000 | 00462nam a22001577a 4500 | ||
|---|---|---|---|
| 003 | NUST | ||
| 038 | _asaima | ||
| 082 | _a004 | ||
| 100 |
_aAfridi, Ayesha _935238 |
||
| 245 | _aTrend Analysis of Polio in Pakistan Using Google Maps and Google Maps API / | ||
| 260 |
_aIslamabad : _bCEME - NUST, _c2016 |
||
| 300 |
_a77 p. ; _c30cm. |
||
| 650 |
_aSoftware Engineering-Trend Analysis of Polio _935239 |
||
| 700 |
_aDr. Shoab Ahmed Khan _916053 |
||
| 942 |
_2ddc _cTHE |
||
| 999 |
_c540934 _d540934 |
||